1948 (Record no. 80902)

MARC details
000 -LEADER
fixed length control field 02938namaa2200409uu 4500
001 - CONTROL NUMBER
control field doab122677
003 - CONTROL NUMBER IDENTIFIER
control field oapen
005 - DATE AND TIME OF LATEST TRANSACTION
control field 20260218110426.0
006 - FIXED-LENGTH DATA ELEMENTS--ADDITIONAL MATERIAL CHARACTERISTICS
fixed length control field m o d
007 - PHYSICAL DESCRIPTION FIXED FIELD--GENERAL INFORMATION
fixed length control field cr|mn|---annan
008 - FIXED-LENGTH DATA ELEMENTS--GENERAL INFORMATION
fixed length control field 231121s2024 xx |||||o ||| 0|eng d
020 ## - INTERNATIONAL STANDARD BOOK NUMBER
International Standard Book Number 9781804131299
020 ## - INTERNATIONAL STANDARD BOOK NUMBER
International Standard Book Number 9781804131305
020 ## - INTERNATIONAL STANDARD BOOK NUMBER
International Standard Book Number EKND5658
024 7# - OTHER STANDARD IDENTIFIER
Standard number or code 10.47788/EKND5658
Source of number or code doi
040 ## - CATALOGING SOURCE
Original cataloging agency oapen
Transcribing agency oapen
Modifying agency
041 0# - LANGUAGE CODE
Language code of text/sound track or separate title eng
042 ## - AUTHENTICATION CODE
Authentication code dc
245 00 - TITLE STATEMENT
Title 1948
Remainder of title A Critical and Creative Prequel to Orwell's 1984
260 ## - PUBLICATION, DISTRIBUTION, ETC.
Place of publication, distribution, etc. Exeter
Name of publisher, distributor, etc. University of Exeter Press
Date of publication, distribution, etc. 2024
300 ## - PHYSICAL DESCRIPTION
Extent 1 online resource (196 p.)
336 ## - CONTENT TYPE
Content type term text
Content type code txt
Source rdacontent
337 ## - MEDIA TYPE
Media type term computer
Media type code c
Source rdamedia
338 ## - CARRIER TYPE
Carrier type term online resource
Carrier type code cr
Source rdacarrier
506 0# - RESTRICTIONS ON ACCESS NOTE
Standardized terminology for access restriction Unrestricted online access
Source of term star
520 ## - SUMMARY, ETC.
Summary, etc. Described as the most widely read and influential serious writer of the twentieth century, George Orwell remains relevant in our own era of contested media. He continues to attract a large readership. This book is about Orwell's post-war cultural moment c. 1948. Taking his Diaries of the time as inspiration, together with his famous final novel, 1984 (published 1949), and treating them as contiguous texts, Brian May considers the gaps, equivocations, and contradictions in Orwell's message and asks what Orwell would have written next. But 1948 is more than a work of literary criticism: rather, it balances critical discussion with creative intervention, being one-half literary-critical commentary, and one-half fictional departure - a novella titled "From the Archives of Oceania," which quotes, parodies and pastiches Orwell's Diaries, offering a possible prequel. Together these elements offer a resource for the reader to interrogate anew such difficult issues as Orwell's sexism and anti-Semitism; to explore the tensions between various intertwining strands of thought that cast Orwell as both realist and idealist, Puritan and individualist; and to better understand Orwell's curious affection for the natural world. 1948 will appeal to all readers and critics of Orwell, but also to students of dystopian fiction, "revisionary" fiction and "reception study," which highlights the audience's contribution to an artwork's meaning.
540 ## - TERMS GOVERNING USE AND REPRODUCTION NOTE
Terms governing use and reproduction Creative Commons
-- https://creativecommons.org/licenses/by-nc-nd/4.0/
-- cc
Uniform Resource Identifier <a href="https://creativecommons.org/licenses/by-nc-nd/4.0/">https://creativecommons.org/licenses/by-nc-nd/4.0/</a>
546 ## - LANGUAGE NOTE
Language note English
650 #7 - SUBJECT ADDED ENTRY--TOPICAL TERM
Topical term or geographic name entry element Classic fiction (pre c 1945)
Source of heading or term bicssc
650 #7 - SUBJECT ADDED ENTRY--TOPICAL TERM
Topical term or geographic name entry element Literary studies: fiction, novelists & prose writers
Source of heading or term bicssc
650 #7 - SUBJECT ADDED ENTRY--TOPICAL TERM
Topical term or geographic name entry element Literature: history & criticism
Source of heading or term bicssc
650 #7 - SUBJECT ADDED ENTRY--TOPICAL TERM
Topical term or geographic name entry element Modern & contemporary fiction (post c 1945)
Source of heading or term bicssc
720 1# - ADDED ENTRY--UNCONTROLLED NAME
Name May, Brian
Relator code aut
793 0# -
-- DOAB Library.
856 ## - ELECTRONIC LOCATION AND ACCESS
Uniform Resource Identifier <a href="https://docs.google.com/spreadsheets/d/1yKIrdCPDAG_9c22mwoOIO2DOhtj65Wqa/edit?usp=sharing&ouid=106555315294820607512&rtpof=true&sd=true ">https://docs.google.com/spreadsheets/d/1yKIrdCPDAG_9c22mwoOIO2DOhtj65Wqa/edit?usp=sharing&ouid=106555315294820607512&rtpof=true&sd=true </a>
Link text List of Curated E-Books
942 ## - ADDED ENTRY ELEMENTS (KOHA)
Koha item type E-Book
Holdings
Withdrawn status Damaged status Not for loan Home library Current library Date acquired Total Checkouts Date last seen Price effective from Koha item type
      Directory of Open Access Books Directory of Open Access Books 12/09/2024   12/09/2024 12/09/2024 E-Book

University of Rizal System
Email us at univlibservices@urs.edu.ph

Visit our Website www.urs.edu.ph/library